000 00420cam a22001457a 4500
008 180718b1960 xxu||||| |||| 00| 0 eng d
082 _aC43x54 Sa59
100 _aSanthanam, K.
245 _aUnion-state relations in India
_cby K. Santhanam
260 _aBombay
_bAsia
_c1960
300 _aviii, 71p
650 _aLegislative power --India.
650 _aState governments --India
650 _aFederal government --India
999 _c423945
_d423945